Zahraničná politika Slovenskej republiky voči Ukrajine diplomová práca

Gespeichert in:
Bibliographische Detailangaben
1. Verfasser: Kubrický, Juraj
Körperschaft: Fakulta medzinárodných vzťahov EU. Katedra medzinárodných politických vzťahov
Weitere Verfasser: Weiss, Peter
Format: Buch
Sprache:Slowakisch
Veröffentlicht: Bratislava 2009
Tags: Tag hinzufügen
Keine Tags, Fügen Sie das erste Tag hinzu!

MARC

LEADER 00000nam$a2200000$$$4500
001 0097171
005 20240318140702.0
041 0 |a slo 
044 |a SK 
245 1 0 |a Zahraničná politika Slovenskej republiky voči Ukrajine  |b diplomová práca  |c Juraj Kubrický ; škol. Peter Weiss 
264 1 |a Bratislava  |c 2009 
300 |a 60 s. 
100 1 |a Kubrický, Juraj 
700 1 |a Weiss, Peter 
710 2 |a Fakulta medzinárodných vzťahov EU. Katedra medzinárodných politických vzťahov